| 000 | 00550nam a22001697a 4500 | ||
|---|---|---|---|
| 999 |
_c198 _d198 |
||
| 008 | 151107b xxu||||| |||| 00| 0 eng d | ||
| 020 | _a13: 978-1-4665-8478-5 (Paperback) | ||
| 082 |
_aDC 519.535 _bSp745 |
||
| 100 |
_9339 _aSpencer, Neil H. |
||
| 245 |
_aEssentials of multivariate data analysis/ _cNeil H. Spencer |
||
| 260 |
_aBoca Raton: _bCRC Press; _cc2014. |
||
| 300 |
_axiv, 172 pages; _c21 cm. |
||
| 500 | _aIncludes bibliographical references and index. | ||
| 650 | 0 |
_9341 _aMultivariate analysis |
|
| 365 |
_b3,498.00 _cPHP. |
||
| 942 |
_2ddc _cDC |
||